A PRACTICAL MANUAL OF INDUSTRIAL PHARMACY -I (Record no. 34206)

MARC details
000 -LEADER
fixed length control field 00354nam a22001457a 4500
003 - CONTROL NUMBER IDENTIFIER
control field SGT
020 ## - INTERNATIONAL STANDARD BOOK NUMBER
International Standard Book Number 978-81-962763-7-9
082 ## - DEWEY DECIMAL CLASSIFICATION NUMBER
Classification number 615.10
Item number PAT
100 ## - MAIN ENTRY--PERSONAL NAME
Personal name PATIL, MS. RESHMA R.
245 ## - TITLE STATEMENT
Title A PRACTICAL MANUAL OF INDUSTRIAL PHARMACY -I
260 ## - PUBLICATION, DISTRIBUTION, ETC. (IMPRINT)
Place of publication, distribution, etc INDIA
Name of publisher, distributor, etc IP PUB.
Year of Publication 2023
300 ## - PAGE DESCRIPTION
No. of Pages 124
650 ## - SUBJECT ADDED ENTRY--TOPICAL TERM
Topical term or geographic name as entry element INDUSTRIAL PHARMACY -I
942 ## - ADDED ENTRY ELEMENTS (KOHA)
Source of classification or shelving scheme Dewey Decimal Classification
Koha item type Books
Holdings
Withdrawn status Lost status Source of classification or shelving scheme Damaged status Not for loan Collection code Home library Current library Date acquired Vendor Name Cost, normal purchase price SGTU Bill Number Total Checkouts Full call number Accession No. (Barcode) Date last seen Bill Date Koha item type
    Dewey Decimal Classification     SCIENCE SGT Science & Social Sciences Library SGT Science & Social Sciences Library 24/02/2026 IP PUBLICATION 375.00 SGTU IPI/2025/SU/INS338/2   615.10 PAT DP1785 24/02/2026 10/02/2026 Books
    Dewey Decimal Classification     SCIENCE SGT Science & Social Sciences Library SGT Science & Social Sciences Library 24/02/2026 IP PUBLICATION 375.00 SGTU IPI/2025/SU/INS338/2   615.10 PAT DP1786 24/02/2026 10/02/2026 Books